Using essential English grammar : intermedite level excluding tense usage

Bibliographic Details
Main Author: Mackanzie, M. D. Munro (Author)
Format: Book
Published: London : Evan Brothers , 1974
Subjects:

MARC

LEADER 00000cam a2200000 7i4500
001 0000008578
005 20021119093000.0
008 021119n
020 |a 0237499320 
090 0 0 |a PE1199   |b .M32 
100 0 |a Mackanzie, M. D. Munro ,   |e author 
245 0 0 |a Using essential English grammar :   |b intermedite level excluding tense usage   |c M. D. Munro Mackanzie 
260 2 |a London :   |b Evan Brothers ,   |c 1974 
300 |a 161 p. ; ;   |c 22 cm. 
650 0 |a English language   |x Grammar 
650 0 |a English language   |x Parts of speech 
999 |a 1000056742   |b Book   |c OPEN SHELF (30 DAYS)   |e Gong Badak Campus 
999 |a 1000067361   |b Book   |c OPEN SHELF (30 DAYS)   |e Gong Badak Campus